LEADER 00804nam a2200229 a 4500 001 991003971739707536 008 081030s 000 0 eng d 020 $a8887063494 035 $ab13779527-39ule_inst 040 $aDip.to Filologia Ling. e Lett.$bita 100 1 $aContaldi, Rodolfo$0467173 245 10$aFiuri de primavera /$cRodolfo Contaldi 260 $aMelendugno :$bZane ed. ;$cc2001 300 $a117 p. ;$c19 cm 440 0$aPoeti Contemporanei 650 4$aPoesie in Vernacolo 907 $a.b13779527$b09-03-22$c30-10-08 912 $a991003971739707536 945 $aLE008 LLI IV i 99$g1$i2008000034832$lle008$o-$pE0.00$q-$rl$s- $t0$u0$v0$w0$x0$y.i14867461$z30-10-08 996 $aFiuri de primavera$91225207 997 $aUNISALENTO 998 $ale008$b30-10-08$cm$da $e-$fita$git $h0$i0 LEADER 01613nas 2200529-a 450 001 996217532903316 005 20230215213018.0 011 $a1540-7306 035 $a(DE-599)ZDB2112951-4 035 $a(OCoLC)50121333 035 $a(CKB)960238862487 035 $a(CONSER)--2002214466 035 $a(EXLCZ)99960238862487 100 $a20020703a19929999 s-- a 101 0 $aeng 135 $aurcnu|||||||| 181 $ctxt$2rdacontent 182 $cc$2rdamedia 183 $acr$2rdacarrier 200 10$aJournal of travel & tourism marketing 210 $aBinghamton, N.Y. $cHaworth Press$d[1992]- 210 3 $a[Philadelphia, PA] $cRoutledge, Taylor & Francis 300 $aRefereed/Peer-reviewed 300 $aTitle from journal information screen (publisher's Web site viewed May. 5, 2004). 311 $a1054-8408 517 1 $aJTTM 517 3 $aJournal of travel and tourism marketing 531 $aJOURNAL OF TRAVEL AND TOURISM MARKETING 531 $aJ TRAVEL TOUR MARK 531 $aJ. TRAVEL TOUR. MARK 606 $aTourism$vPeriodicals 606 $aTourism$2fast$3(OCoLC)fst01153142 606 $aTurisme$vRevistes$2lemac 606 $aTurisme$xMàrqueting$vRevistes$2lemac 606 $aViatge$vRevistes$2lemac 608 $aPeriodicals.$2fast 608 $aPeriodicals.$2lcgft 615 0$aTourism 615 7$aTourism. 615 7$aTurisme 615 7$aTurisme$xMàrqueting 615 7$aViatge 676 $a338 906 $aJOURNAL 912 $a996217532903316 996 $aJournal of travel & tourism marketing$92520657 997 $aUNISA LEADER 03927nam 22005175 450 001 9910298412003321 005 20250609111611.0 010 $a3-319-98785-2 024 7 $a10.1007/978-3-319-98785-9 035 $a(CKB)4100000005958135 035 $a(MiAaPQ)EBC5500274 035 $a(DE-He213)978-3-319-98785-9 035 $a(PPN)22991960X 035 $a(MiAaPQ)EBC6242232 035 $a(EXLCZ)994100000005958135 100 $a20180825d2018 u| 0 101 0 $aeng 135 $aurcnu|||||||| 181 $ctxt$2rdacontent 182 $cc$2rdamedia 183 $acr$2rdacarrier 200 10$aAntiseptic Stewardship $eBiocide Resistance and Clinical Implications /$fby Günter Kampf 205 $a1st ed. 2018. 210 1$aCham :$cSpringer International Publishing :$cImprint: Springer,$d2018. 215 $a1 online resource (722 pages) 311 08$a3-319-98784-4 327 $a1. Chemical characterization -- 2. Types of application -- 2a. Approval by ECHA -- 2b. Approval by EPA -- 2c. Amounts per type of application (overall environmental impact) -- 3. Spectrum of antimicrobial activity -- 3a. Bactericidal activity -- 3b. Fungicidal activity -- 3c. Mycobactericidal activity -- 3d. Virucidal activity -- 3e. Sporicidal activity -- 4. Natural resistances -- 5. Adaptation after exposure -- 5a. Per type of typical application -- 6. 7. Cross-resistance to other biocidal agents -- 8. Cross-resistances to antibiotics -- 9. Proposal for responsible use (antiseptic stewardship). 330 $aVVarious antiseptic agents, such as chlorhexidine, are used for different applications, e.g. in healthcare, veterinary medicine, animal production and household products, including cosmetics. However, not all antiseptic agents provide significant health benefits, especially in some products used in human medicine (alcohol-based hand rubs, antimicrobial soaps). While some products (antimicrobial soaps, surface disinfectants, instrument disinfectants, wound antiseptics) may contain one or more biocidal agents with a comparable antimicrobial efficacy but large differences in their potential for microbial adaptation and tolerance. An increased bacterial resistance has been described for various antimicrobial agents, sometimes including a cross-resistance to antibiotics. The book is the first comprehensive reference resource on antiseptic agents, including their efficacy, natural and acquired resistance, adaptation, and cross-resistance. It also discusses their and appropriate use in terms of a balance between their efficacy and the risk of acquired bacterial resistance / tolerance. Focusing on human and veterinary medicine and household products, it helps readers make informed decisions concerning against antiseptic products based on their composition. The book contributes to reduce any unnecessary selection pressure towards emerging pathogens and to keep the powerful antiseptic agents for all those applications that have a clear benefit (e.g. reduction of healthcare-associated infection). 606 $aMedical microbiology 606 $aInfectious diseases 606 $aEnvironmental health 606 $aMedical Microbiology$3https://scigraph.springernature.com/ontologies/product-market-codes/B16003 606 $aInfectious Diseases$3https://scigraph.springernature.com/ontologies/product-market-codes/H33096 606 $aEnvironmental Health$3https://scigraph.springernature.com/ontologies/product-market-codes/U18005 615 0$aMedical microbiology. 615 0$aInfectious diseases. 615 0$aEnvironmental health. 615 14$aMedical Microbiology. 615 24$aInfectious Diseases. 615 24$aEnvironmental Health. 676 $a614.48 700 $aKampf$b Günter$4aut$4http://id.loc.gov/vocabulary/relators/aut$01062572 906 $aBOOK 912 $a9910298412003321 996 $aAntiseptic Stewardship$92526732 997 $aUNINA